| 000 | 00519pam a2200145 a 4500 | ||
|---|---|---|---|
| 020 | _a0875184642 | ||
| 040 | _cDLC | ||
| 082 | 0 | 0 | _a943 DIL 1991 A102 Or. |
| 100 | 1 | _aPfeiffer, Christine. | |
| 245 | 1 | 0 | _aPoland, land of freedom fighters / |
| 260 |
_aMinneapolis, Minn. : _bDillon Press, _cc1991. |
||
| 300 |
_a143 p. : _bill. (some col.), maps (some col.) ; _c24 cm. |
||
| 520 | _aDiscusses the people, traditions, folkways, holidays, family life, food, schools, sports, recreation, and history of Poland. | ||
| 942 | _cEK | ||
| 999 |
_c13729 _d13729 |
||